000 00696nam a2200157Ia 4500
008 100122s9999 xx 000 0 und d
082 _b24408
_a781.24
100 _aभातखंडे विष्णु ना
245 _aहिंदुस्थानी संगीत पध्दती भाग-4 (क.क्र.28/2 )
250 _a3
260 _bभालचंद्र सी सुखथनकर
_c1939
300 _a780
630 _aहिंदुस्थानी संगीत पध्दती भाग-4 (क.क्र.28/2 )
730 _aहिंदुस्थानी संगीत पध्दती भाग-4 (क.क्र.28/2 )
942 _cBOOK
999 _c411706
_d411703